Estónsko nemieni poľaviť v hospodárskych reformách
Nová vláda v Estónsku presadzuje pokračovanie trhových reforiem a rýchlu integráciu krajiny do európskych a transatlantických štruktúr. Estónsko je zaujímavé pre zahraničných investorov - je symbolom brány obchodu medzi Ruskom a západnou Európou. Export do Fínska. Privatizácia, prílev zahraničných i...
Enregistré dans:
| Auteur principal: | |
|---|---|
| Format: | Chapitre de livre |
| Langue: | slovaque |
| Sujets: | |
| Tags: |
Pas de tags, Soyez le premier à ajouter un tag!
|
MARC
| LEADER | 00000naa a2200000 4500 | ||
|---|---|---|---|
| 001 | r034895 | ||
| 005 | 20230921103152.7 | ||
| 041 | 0 | |a slo | |
| 044 | |a SK | ||
| 245 | 1 | 0 | |a Estónsko nemieni poľaviť v hospodárskych reformách |c Branislav Zvara |
| 520 | |a Nová vláda v Estónsku presadzuje pokračovanie trhových reforiem a rýchlu integráciu krajiny do európskych a transatlantických štruktúr. Estónsko je zaujímavé pre zahraničných investorov - je symbolom brány obchodu medzi Ruskom a západnou Európou. Export do Fínska. Privatizácia, prílev zahraničných investícií, snaha znižovať deficit štátneho rozpočtu, obmedzenie štátnych výdavkov, miera inflácie. | ||
| 610 | 2 | 0 | |a vývoj hospodársky |
| 610 | 2 | 0 | |a reformy hospodárske |
| 610 | 2 | 0 | |a obchod zahraničný |
| 610 | 2 | 0 | |a vývoz |
| 610 | 2 | 0 | |a investície zahraničné |
| 610 | 2 | 0 | |a investície zo zahraničia |
| 610 | 2 | 0 | |a privatizácia |
| 610 | 2 | 0 | |a inflácia |
| 610 | 2 | 0 | |a Estónsko |
| 100 | 1 | |a Zvara, Branislav | |